000 004110000a22001690004500
003 MACL
005 20160105141754.0
008 160105b xxu||||| |||| 00| 0 eng d
040 _aMACL
_cMACL
041 _aEnglish
082 _a824/DER
100 _aDekker, Thomas
_928075
245 _aThe Belman Of London
260 _bJ M Dent & Sons LTD
_aLondon
650 _aEssays
_928076
942 _cBK
_k824/DEK
_2ddc
999 _c37915
_d37915